006640000a22002170004500090001300000100002900013700002600042700002900068245008800097044001300185041001400198690002300212690002500235690002600260690003000286690002900316651002000345942001300365773005100378999001700429 aSERIADAS1 aPoveda, Germán91007741 aBunyard, Peter9205641 aNobre, Carlos A.910079910aSobre la necesidad de un programa de investigación para el sistema Andes-Amazonia aColombia0 aEspañol aEcosistemas992256 aDeforestación9266 aExplotación9100800 aRecursos naturales992719 aImpacto ambiental992215 4lAmazonia992749 cARTICULO1 tRevista colombia amazónicah1q129-141d2008 c16423d16423